000 00334nam a2200121Ia 4500
008 220216s9999 xx 000 0 und d
245 0 _aAustralian experience in the use of rubberized bitumen
260 _bRubber Developments
_c1965
300 _a153-156
650 _aRubberized asphalt
650 _aRubberized bitumen
942 _cJS
999 _c54599
_d54599